|
|
|
|
| LEADER |
00000cas a2200000 c 4500 |
| 001 |
574365478 |
| 003 |
DE-627 |
| 005 |
20251024180237.0 |
| 007 |
cr ||||||||||| |
| 008 |
080814c19929999xxuz| p|o 0 |0eng c |
| 016 |
7 |
|
|a 989961478
|2 DE-101
|
| 016 |
7 |
|
|a 2443922-8
|2 DE-600
|
| 022 |
|
|
|a 2372-014X
|
| 035 |
|
|
|a (DE-627)574365478
|
| 035 |
|
|
|a (DE-576)309208645
|
| 035 |
|
|
|a (DE-599)ZDB2443922-8
|
| 035 |
|
|
|a (OCoLC)1368762106
|
| 040 |
|
|
|a DE-627
|b ger
|c DE-627
|e rakwb
|
| 041 |
|
|
|a eng
|
| 044 |
|
|
|c XD-US
|
| 082 |
0 |
4 |
|a 300
|a 360
|q DE-600
|
| 084 |
|
|
|a 3,4
|2 ssgn
|
| 245 |
0 |
0 |
|a Social development issues
|b alternative approaches to global human needs
|c publ. by the University of Iowa School of Social Work and the Southwest Missouri State University Department of Social Work in cooperation with the Inter-University Consortium for International Social Development
|
| 246 |
3 |
3 |
|a SDI
|
| 264 |
3 |
1 |
|a Chicago, Ill.
|b Lyceum Books, Inc.
|c 1992-
|
| 300 |
|
|
|a Online-Ressource
|
| 336 |
|
|
|a Text
|b txt
|2 rdacontent
|
| 337 |
|
|
|a Computermedien
|b c
|2 rdamedia
|
| 338 |
|
|
|a Online-Ressource
|b cr
|2 rdacarrier
|
| 362 |
0 |
|
|a Nachgewiesen 14.1992 -
|
| 363 |
0 |
1 |
|a 14
|i 1992
|
| 500 |
|
|
|a Gesehen am 14.07.2021
|
| 591 |
|
|
|a Ulrich+355!URL-Ä(26-11-15)
|
| 655 |
|
7 |
|a Zeitschrift
|0 (DE-588)4067488-5
|0 (DE-627)10454466X
|0 (DE-576)20917000X
|2 gnd-content
|
| 776 |
1 |
|
|x 0147-1473
|
| 780 |
0 |
0 |
|i Fortsetzung von
|t Iowa journal of social work
|
| 856 |
4 |
0 |
|u https://www.socialdevelopmentissues.org/
|x Agentur; 29.2007 -
|7 1
|
| 856 |
4 |
0 |
|u https://ezb.ur.de/?2443922-8
|x Frontdoor-Url
|7 1
|
| 951 |
|
|
|a JT
|
| ELC |
|
|
|a 1
|
| ORI |
|
|
|a SA-MARC-krimdokb001.raw
|
| SPR |
|
|
|a 1
|t KRI
|